000 00859nam a22002297a 4500
003 OSt
005 20250830034154.0
008 250830b |||||||| |||| 00| 0 eng d
020 _a13: 978-0-7817-7917-3.
040 _aDWCL-Admin lib
_cOC
082 _22nd ed.
_aCirc. 362.173068 C337 2008
100 _aPowell, Suzanne K.
245 _aCMSA core curriculum for case management/
_cSuzanne K. Powell
260 _aPhiladelphia :
_bLippincott Williams & Wilkins,
_cc2008.
300 _axxii, 629 p. ;
_c23 cm.
504 _aIncludes bibliographical references and index.
650 _a1. Hospitals-Case management services-Outlines, syllabi, etc.
650 _a2. Nursing care plans-Outlines, syllabi, etc.
650 _a3. Primary nursing-Administration-Outlines, syllabi, etc.
700 _aTahan, Hussien A.
942 _2ddc
_cBK-CIRC
_e2nd ed.
_kCirc.
_n0
999 _c4411
_d4411